00875njm a2200253Ia 4500001000600000003000900006005001700015008004100032040001300073040001300086041001200099100001500111100001800126100003800144245001700182250001100199260001300210260006100223300001700284500001600301505020200317650005100519700005100570D9265IT-RoPAU20220918181111.0131025s9999 xx 000 0 und d aIT-RoPAU cIT-RoPAU aINGLESE aBrennan C. eAutore musica gCodice autore musica SPICS: 46640 aClannad Lore a1a ed. aGERMANIA bBMG RECORDSc1996 [1a Ed.:1996 - Ed. Lingua Orig.: 1996] aCOMPACT DISC aMusica pop. aCroi Croga - Seanchas - A Bridge (That Carries Us Over) - From Your Heart - Alasdair Maccolla - Broken Pieces - Trathnona Beag Areir - Trail of Tears - Dealramh Go Deo - Farewell Love - Fonn Mharta aPOP [COMPACT DISC]eCodice MATERIA SPICS: 9949 aBrennan M.eAutoregCodice autore SPICS: 46641